Alliterative Entertainers Quiz Stats

 Plays Quiz Updated Oct 17, 2018

Score 0/20 Timer 06:00
4 Plays Today
% Correct
Marilyn Monroe
91.2%
Tina Turner
88.9%
Sylvester Stallone
88%
Alan Alda
86.6%
Janet Jackson
86.5%
Ozzy Osbourne
85.6%
Farrah Fawcett
82.3%
Vince Vaughn
81.4%
Helen Hunt
80.3%
Ryan Reynolds
78.9%
% Correct
David Duchovny
74.1%
Lindsay Lohan
72%
Nick Nolte
71.3%
Emilio Estevez
67.7%
Courteney Cox
61.9%
Kris Kristofferson
59.4%
Priscilla Presley
48.2%
Benjamin Bratt
44%
Wil Wheaton
42.5%
Greta Gerwig
18%

You're not logged in!

Compare scores with friends on all Sporcle quizzes.
OR
Log In

Sporcle TV

Today on Sporcle TV


Watch our educational content, quiz creation guides, and fun videos on Sporcle TV.

Show Comments

Extras

Top Quizzes Today


Score Distribution

Your Account Isn't Verified!

In order to create a playlist on Sporcle, you need to verify the email address you used during registration. Go to your Sporcle Settings to finish the process.

Report this User

Report this user for behavior that violates our Community Guidelines.

Details: